| 000 | 00684nam a22001697a 4500 | ||
|---|---|---|---|
| 008 | 130301t xxu||||| |||| 00| 0 eng d | ||
| 020 | _a9-7804-1440-3866-1 | ||
| 082 |
_222 ed. _a346.02 _bCHI |
||
| 100 |
_aChitty _96778 |
||
| 245 |
_aChitty on Contracts : _b third cumulative supplement to the thirtieth edition up to datee to july 31,2011 / _cChitty |
||
| 260 |
_aLondon : _bSweet and Maxwell _c2011 |
||
| 300 |
_alxx, 562 P. ; _c24 cm. |
||
| 650 |
_aContracts _96673 |
||
| 650 |
_aChitty on Contracts _96779 |
||
| 942 |
_2ddc _cBK |
||
| 999 |
_c5288 _d5288 |
||